Módulo 6; desarrollo de los temas de los contenidos básicos comunes /
Guardado en:
| Autor Principal: | |
|---|---|
| Formato: | Libro |
| Publicado: |
La Plata :
Direcci¢n General de Cultura y Educaci¢n,
1995
|
| Etiquetas: |
Agregar Etiqueta
Sin Etiquetas, Sea el primero en etiquetar este registro!
|
| LEADER | 00542nam a22001575a 4500 | ||
|---|---|---|---|
| 001 | CEM.cems009163 | ||
| 005 | 20060214000000.0 | ||
| 008 | 130507s1995##################000#0#####d | ||
| 003 | CEMS | ||
| 082 | 0 | 4 | |a 375 |
| 100 | 1 | |a Buenos Aires | |
| 245 | 1 | 0 | |a Módulo 6; desarrollo de los temas de los contenidos básicos comunes / |
| 260 | |a La Plata : |b Direcci¢n General de Cultura y Educaci¢n, |c 1995 | ||
| 300 | |a 159 p.1 | ||
| 859 | |a CEMS |b BIB. CEMS - 11 de abril |h 375 |i B862/6 |p 18800.96 |t Ej.1 | ||
| 859 | |a CEMS |b BIB. CEMS - 11 de abril |h 375 |i B862/6 |p 18801.96 |t Ej.2 | ||
